<?xml version="1.0" encoding="UTF-8"?>
<record
    xmlns:xsi="http://www.w3.org/2001/XMLSchema-instance"
    xsi:schemaLocation="http://www.loc.gov/MARC21/slim http://www.loc.gov/standards/marcxml/schema/MARC21slim.xsd"
    xmlns="http://www.loc.gov/MARC21/slim">

  <leader>01061nam a2200217Ia 4500</leader>
  <controlfield tag="003">Ost</controlfield>
  <controlfield tag="005">20260507075118.0</controlfield>
  <controlfield tag="008">260507s9999||||xx |||||||||||||| ||und||</controlfield>
  <datafield tag="040" ind1=" " ind2=" ">
    <subfield code="c">fsecg</subfield>
  </datafield>
  <datafield tag="041" ind1=" " ind2=" ">
    <subfield code="a">ara</subfield>
  </datafield>
  <datafield tag="082" ind1=" " ind2=" ">
    <subfield code="a">332.6</subfield>
  </datafield>
  <datafield tag="100" ind1=" " ind2=" ">
    <subfield code="a">&#x631;&#x645;&#x636;&#x627;&#x646;&#x60C; &#x632;&#x64A;&#x627;&#x62F;</subfield>
    <subfield code="e">&#x645;&#x624;&#x644;&#x641;</subfield>
  </datafield>
  <datafield tag="245" ind1=" " ind2="0">
    <subfield code="a">&#x645;&#x628;&#x627;&#x62F;&#x626; &#x627;&#x644;&#x625;&#x633;&#x62A;&#x62B;&#x645;&#x627;&#x631; &#x627;&#x644;&#x645;&#x627;&#x644;&#x64A; &#x648;&#x627;&#x644;&#x62D;&#x642;&#x64A;&#x642;&#x64A; /</subfield>
    <subfield code="c"> &#x632;&#x64A;&#x627;&#x62F; &#x631;&#x645;&#x636;&#x627;&#x646;</subfield>
  </datafield>
  <datafield tag="250" ind1=" " ind2=" ">
    <subfield code="a">&#x637;&#x628;&#x639;&#x629; 3</subfield>
  </datafield>
  <datafield tag="260" ind1=" " ind2=" ">
    <subfield code="a">&#x639;&#x645;&#x627;&#x646;: </subfield>
    <subfield code="b">&#x62F;&#x627;&#x631; &#x648;&#x627;&#x626;&#x644; &#x644;&#x644;&#x646;&#x634;&#x631; &#x648;&#x627;&#x644;&#x62A;&#x648;&#x632;&#x64A;&#x639;, </subfield>
    <subfield code="c">2005</subfield>
  </datafield>
  <datafield tag="300" ind1=" " ind2=" ">
    <subfield code="a">434  &#x635;&#x641;&#x62D;&#x629;&#x61B; </subfield>
    <subfield code="b">&#x625;&#x64A;&#x636;&#x627;&#x62D;&#x627;&#x62A; &#x61B;</subfield>
    <subfield code="c">24 &#x633;&#x645;</subfield>
  </datafield>
  <datafield tag="520" ind1=" " ind2=" ">
    <subfield code="a">&#x645;&#x639;&#x644;&#x648;&#x645;&#x627;&#x62A; &#x636;&#x631;&#x648;&#x631;&#x64A;&#x629; &#x644;&#x62F;&#x631;&#x627;&#x633;&#x629; &#x627;&#x644;&#x625;&#x633;&#x62A;&#x62B;&#x645;&#x627;&#x631;- &#x645;&#x624;&#x633;&#x633;&#x627;&#x62A; &#x627;&#x644;&#x625;&#x633;&#x62A;&#x62B;&#x645;&#x627;&#x631; &#x648;&#x623;&#x633;&#x648;&#x627;&#x642;&#x647;- &#x62A;&#x642;&#x64A;&#x64A;&#x645; &#x623;&#x62F;&#x648;&#x627;&#x62A; &#x627;&#x644;&#x625;&#x633;&#x62A;&#x62B;&#x645;&#x627;&#x631; &#x627;&#x644;&#x645;&#x627;&#x644;&#x64A; &#x648;&#x627;&#x644;&#x62D;&#x642;&#x64A;&#x642;&#x64A; &#x648;&#x62D;&#x633;&#x627;&#x628; &#x627;&#x644;&#x633;&#x639;&#x631; &#x627;&#x644;&#x639;&#x627;&#x62F;&#x644; &#x644;&#x643;&#x644; &#x645;&#x646;&#x647;&#x645;&#x627;- &#x639;&#x648;&#x627;&#x626;&#x62F; &#x627;&#x644;&#x625;&#x633;&#x62A;&#x62B;&#x645;&#x627;&#x631;&#x627;&#x62A; &#x627;&#x644;&#x645;&#x627;&#x644;&#x64A;&#x629; &#x648;&#x645;&#x62E;&#x627;&#x637;&#x631;&#x647;&#x627; &#x648;&#x627;&#x644;&#x645;&#x628;&#x627;&#x62F;&#x644;&#x629; &#x628;&#x64A;&#x646; &#x627;&#x644;&#x639;&#x648;&#x627;&#x626;&#x62F; &#x648;&#x627;&#x644;&#x645;&#x62E;&#x627;&#x637;&#x631;- &#x645;&#x635;&#x627;&#x62F;&#x631; &#x627;&#x644;&#x623;&#x645;&#x648;&#x627;&#x644; &#x648;&#x62A;&#x643;&#x627;&#x644;&#x64A;&#x641;&#x647;&#x627;</subfield>
  </datafield>
  <datafield tag="653" ind1=" " ind2=" ">
    <subfield code="a">&#x627;&#x644;&#x625;&#x633;&#x62A;&#x62B;&#x645;&#x627;&#x631;</subfield>
  </datafield>
  <datafield tag="653" ind1=" " ind2=" ">
    <subfield code="a">&#x627;&#x644;&#x625;&#x633;&#x62A;&#x62B;&#x645;&#x627;&#x631; &#x627;&#x644;&#x645;&#x627;&#x644;&#x64A;</subfield>
  </datafield>
  <datafield tag="942" ind1=" " ind2=" ">
    <subfield code="c">&#x643;&#x62A;&#x627;&#x628;</subfield>
  </datafield>
  <datafield tag="952" ind1=" " ind2=" ">
    <subfield code="0">0</subfield>
    <subfield code="1">0</subfield>
    <subfield code="2">ddc</subfield>
    <subfield code="4">0</subfield>
    <subfield code="7">-1</subfield>
    <subfield code="a">fsecg</subfield>
    <subfield code="b">fsecg</subfield>
    <subfield code="d">2026-05-07</subfield>
    <subfield code="h">&#x627;&#x644;&#x637;&#x627;&#x628;&#x642; &#x627;&#x644;&#x623;&#x631;&#x636;&#x64A;</subfield>
    <subfield code="i">1958/1</subfield>
    <subfield code="l">0</subfield>
    <subfield code="o">&#x623;/1958&#x646;1</subfield>
    <subfield code="p">1958/1</subfield>
    <subfield code="r">2026-05-07 07:51:18</subfield>
    <subfield code="w">2026-05-07</subfield>
    <subfield code="y">&#x643;&#x62A;&#x627;&#x628;</subfield>
  </datafield>
  <datafield tag="952" ind1=" " ind2=" ">
    <subfield code="0">0</subfield>
    <subfield code="1">0</subfield>
    <subfield code="2">ddc</subfield>
    <subfield code="4">0</subfield>
    <subfield code="7">0</subfield>
    <subfield code="a">fsecg</subfield>
    <subfield code="b">fsecg</subfield>
    <subfield code="d">2026-05-07</subfield>
    <subfield code="h">&#x627;&#x644;&#x637;&#x627;&#x628;&#x642; &#x627;&#x644;&#x623;&#x631;&#x636;&#x64A;</subfield>
    <subfield code="i">1958/2</subfield>
    <subfield code="l">0</subfield>
    <subfield code="o">&#x623;/1958&#x646;2</subfield>
    <subfield code="p">1958/2</subfield>
    <subfield code="r">2026-05-07 07:51:18</subfield>
    <subfield code="w">2026-05-07</subfield>
    <subfield code="y">&#x643;&#x62A;&#x627;&#x628;</subfield>
  </datafield>
  <datafield tag="952" ind1=" " ind2=" ">
    <subfield code="0">0</subfield>
    <subfield code="1">0</subfield>
    <subfield code="2">ddc</subfield>
    <subfield code="4">0</subfield>
    <subfield code="7">0</subfield>
    <subfield code="a">fsecg</subfield>
    <subfield code="b">fsecg</subfield>
    <subfield code="d">2026-05-07</subfield>
    <subfield code="h">&#x627;&#x644;&#x637;&#x627;&#x628;&#x642; &#x627;&#x644;&#x623;&#x631;&#x636;&#x64A;</subfield>
    <subfield code="i">1958/3</subfield>
    <subfield code="l">0</subfield>
    <subfield code="o">&#x623;/1958&#x646;3</subfield>
    <subfield code="p">1958/3</subfield>
    <subfield code="r">2026-05-07 07:51:18</subfield>
    <subfield code="w">2026-05-07</subfield>
    <subfield code="y">&#x643;&#x62A;&#x627;&#x628;</subfield>
  </datafield>
  <datafield tag="952" ind1=" " ind2=" ">
    <subfield code="0">0</subfield>
    <subfield code="1">0</subfield>
    <subfield code="2">ddc</subfield>
    <subfield code="4">0</subfield>
    <subfield code="7">0</subfield>
    <subfield code="a">fsecg</subfield>
    <subfield code="b">fsecg</subfield>
    <subfield code="d">2026-05-07</subfield>
    <subfield code="h">&#x627;&#x644;&#x637;&#x627;&#x628;&#x642; &#x627;&#x644;&#x623;&#x631;&#x636;&#x64A;</subfield>
    <subfield code="i">1958/4</subfield>
    <subfield code="l">0</subfield>
    <subfield code="o">&#x623;/1958&#x646;4</subfield>
    <subfield code="p">1958/4</subfield>
    <subfield code="r">2026-05-07 07:51:18</subfield>
    <subfield code="w">2026-05-07</subfield>
    <subfield code="y">&#x643;&#x62A;&#x627;&#x628;</subfield>
  </datafield>
  <datafield tag="952" ind1=" " ind2=" ">
    <subfield code="0">0</subfield>
    <subfield code="1">0</subfield>
    <subfield code="2">ddc</subfield>
    <subfield code="4">0</subfield>
    <subfield code="7">0</subfield>
    <subfield code="a">fsecg</subfield>
    <subfield code="b">fsecg</subfield>
    <subfield code="d">2026-05-07</subfield>
    <subfield code="h">&#x627;&#x644;&#x637;&#x627;&#x628;&#x642; &#x627;&#x644;&#x623;&#x631;&#x636;&#x64A;</subfield>
    <subfield code="i">1958/5</subfield>
    <subfield code="l">0</subfield>
    <subfield code="o">&#x623;/1958&#x646;5</subfield>
    <subfield code="p">1958/5</subfield>
    <subfield code="r">2026-05-07 07:51:18</subfield>
    <subfield code="w">2026-05-07</subfield>
    <subfield code="y">&#x643;&#x62A;&#x627;&#x628;</subfield>
  </datafield>
  <datafield tag="952" ind1=" " ind2=" ">
    <subfield code="0">0</subfield>
    <subfield code="1">0</subfield>
    <subfield code="2">ddc</subfield>
    <subfield code="4">0</subfield>
    <subfield code="7">0</subfield>
    <subfield code="a">fsecg</subfield>
    <subfield code="b">fsecg</subfield>
    <subfield code="d">2026-05-07</subfield>
    <subfield code="h">&#x627;&#x644;&#x637;&#x627;&#x628;&#x642; &#x627;&#x644;&#x62B;&#x627;&#x646;&#x64A;</subfield>
    <subfield code="i">1958/6</subfield>
    <subfield code="l">0</subfield>
    <subfield code="o">&#x623;/1958&#x646;6</subfield>
    <subfield code="p">1958/6</subfield>
    <subfield code="r">2026-05-07 07:51:18</subfield>
    <subfield code="w">2026-05-07</subfield>
    <subfield code="y">&#x643;&#x62A;&#x627;&#x628;</subfield>
  </datafield>
  <datafield tag="952" ind1=" " ind2=" ">
    <subfield code="0">0</subfield>
    <subfield code="1">0</subfield>
    <subfield code="2">ddc</subfield>
    <subfield code="4">0</subfield>
    <subfield code="7">0</subfield>
    <subfield code="a">fsecg</subfield>
    <subfield code="b">fsecg</subfield>
    <subfield code="d">2026-05-07</subfield>
    <subfield code="h">&#x627;&#x644;&#x637;&#x627;&#x628;&#x642; &#x627;&#x644;&#x62B;&#x627;&#x646;&#x64A;</subfield>
    <subfield code="i">1958/7</subfield>
    <subfield code="l">0</subfield>
    <subfield code="o">&#x623;/1958&#x646;7</subfield>
    <subfield code="p">1958/7</subfield>
    <subfield code="r">2026-05-07 07:51:18</subfield>
    <subfield code="w">2026-05-07</subfield>
    <subfield code="y">&#x643;&#x62A;&#x627;&#x628;</subfield>
  </datafield>
  <datafield tag="952" ind1=" " ind2=" ">
    <subfield code="0">0</subfield>
    <subfield code="1">0</subfield>
    <subfield code="2">ddc</subfield>
    <subfield code="4">0</subfield>
    <subfield code="7">0</subfield>
    <subfield code="a">fsecg</subfield>
    <subfield code="b">fsecg</subfield>
    <subfield code="d">2026-05-07</subfield>
    <subfield code="h">&#x627;&#x644;&#x637;&#x627;&#x628;&#x642; &#x627;&#x644;&#x62B;&#x627;&#x646;&#x64A;</subfield>
    <subfield code="i">1958/8</subfield>
    <subfield code="l">0</subfield>
    <subfield code="o">&#x623;/1958&#x646;8</subfield>
    <subfield code="p">1958/8</subfield>
    <subfield code="r">2026-05-07 07:51:18</subfield>
    <subfield code="w">2026-05-07</subfield>
    <subfield code="y">&#x643;&#x62A;&#x627;&#x628;</subfield>
  </datafield>
  <datafield tag="999" ind1=" " ind2=" ">
    <subfield code="c">43040</subfield>
    <subfield code="d">43040</subfield>
  </datafield>
</record>
